Pasta Types - Sudden Death - Statistics

General Stats
  • This quiz has been taken 152 times
  • The average score is 15 of 25
Answers on the Grid
Answers color-coded by a green-red scale on the quiz's grid according to % correct below.
Linguine
Botticelli
Spaghetti
Orecchiette
Bruschetta
Ravioli
Cappuccino
Macaroni
Pappardelle
Carpaccio
Bolognese
Sambuca
Rigatoni
Penne
Orzo
Tzatziki
Fettuccine
Napoli
Lasagna
Farfalle
Campari
Fusilli
Limoncello
Tortellini
Panettone
Capellini
Ziti
Tortiglioni
Caprese
Pavaroti
Bucatini
Conchiglie
Vermicelli
Burrata
Campanelle
Rotini
Ditalini
Tagliatelle
Gnocchi
Arrivederci
 
Answer Stats
Answer % Correct
Linguine
90%
Spaghetti
86%
Ravioli
83%
Macaroni
78%
Penne
76%
Fettuccine
75%
Rigatoni
72%
Tortellini
71%
Fusilli
68%
Tagliatelle
66%
Lasagna
65%
Gnocchi
64%
Farfalle
63%
Capellini
53%
Orecchiette
53%
Tortiglioni
52%
Vermicelli
52%
Pappardelle
51%
Rotini
50%
Ziti
50%
Orzo
48%
Bucatini
47%
Conchiglie
44%
Ditalini
38%
Campanelle
36%
No matching quizzes found
Score Distribution
Percent of People with Each Score
Percentile by Number Answered
Your Score History
You have not taken this quiz